Quản lý hoạt động chăm sóc, nuôi dưỡng trẻ ở các trường mầm non quận Hoàng Mai, thành phố Hà Nội /
Guardado en:
| Autor principal: | |
|---|---|
| Formato: | Artículo |
| Lenguaje: | Vietnamese |
| Materias: | |
| Etiquetas: |
Agregar Etiqueta
Sin Etiquetas, Sea el primero en etiquetar este registro!
|
| Thư viện lưu trữ: | Thư viện Trường Đại học Đà Lạt |
|---|
| LEADER | 00870nam a2200265 4500 | ||
|---|---|---|---|
| 001 | DLU180187723 | ||
| 005 | ##20181009 | ||
| 040 | # | # | |a DLU |b vie |
| 041 | # | # | |a vie |
| 044 | # | # | |a vn |
| 100 | # | # | |a Nguyễn Cẩm Linh. |
| 245 | # | # | |a Quản lý hoạt động chăm sóc, nuôi dưỡng trẻ ở các trường mầm non quận Hoàng Mai, thành phố Hà Nội / |c Nguyễn Cẩm Linh. |
| 653 | # | # | |a Hoạt động chăm sóc |
| 653 | # | # | |a Mục tiêu giáo dục |
| 653 | # | # | |a Quản lý hoạt động |
| 773 | # | # | |t Tạp chí dạy và học ngày nay |g Số 07, 2017, tr. 38-39 |
| 920 | # | # | |a Phòng Tạp chí -- Trung tâm Thông tin - Thư viện Trường Đại học Đà Lạt |
| 994 | # | # | |a DLU |
| 900 | # | # | |a True |
| 911 | # | # | |a Trần Thị Minh Hương |
| 925 | # | # | |a G |
| 926 | # | # | |a A |
| 927 | # | # | |a BB |
| 980 | # | # | |a Thư viện Trường Đại học Đà Lạt |